<?xml version="1.0" encoding="UTF-8"?>
<record
    xmlns:xsi="http://www.w3.org/2001/XMLSchema-instance"
    xsi:schemaLocation="http://www.loc.gov/MARC21/slim http://www.loc.gov/standards/marcxml/schema/MARC21slim.xsd"
    xmlns="http://www.loc.gov/MARC21/slim">

  <leader>01286cam a2200337 a 4500</leader>
  <controlfield tag="001">3818</controlfield>
  <controlfield tag="005">20241031161258.0</controlfield>
  <datafield tag="020" ind1=" " ind2=" ">
    <subfield code="a">708431390256</subfield>
  </datafield>
  <datafield tag="040" ind1=" " ind2=" ">
    <subfield code="a">DLC</subfield>
    <subfield code="c">DLC</subfield>
    <subfield code="b">eng</subfield>
  </datafield>
  <datafield tag="050" ind1="0" ind2="0">
    <subfield code="b">2007</subfield>
  </datafield>
  <datafield tag="082" ind1=" " ind2=" ">
    <subfield code="a">531</subfield>
  </datafield>
  <datafield tag="100" ind1="1" ind2=" ">
    <subfield code="a">Sonneborn, Scott</subfield>
  </datafield>
  <datafield tag="245" ind1="1" ind2="0">
    <subfield code="a">Pirates! :</subfield>
    <subfield code="b">the treasure of Turtle Island  /</subfield>
    <subfield code="c">written by Scott Sonneborn ; illustrated by Bill Mudron.</subfield>
  </datafield>
  <datafield tag="260" ind1=" " ind2=" ">
    <subfield code="a">Emeryville, Cailf :</subfield>
    <subfield code="b">LeapFrog ;</subfield>
    <subfield code="c">2007</subfield>
  </datafield>
  <datafield tag="300" ind1=" " ind2=" ">
    <subfield code="a">25 pages : </subfield>
    <subfield code="b">color illustrations : map ; </subfield>
    <subfield code="c">24 cm.</subfield>
  </datafield>
  <datafield tag="490" ind1="0" ind2=" ">
    <subfield code="a">TAG Reading System</subfield>
  </datafield>
  <datafield tag="505" ind1=" " ind2=" ">
    <subfield code="a">K 
</subfield>
  </datafield>
  <datafield tag="520" ind1=" " ind2=" ">
    <subfield code="a">Read along as pirate kids Will and Abby decode a map so they can beat mean old pirate One Tooth to the treasure! Teaches short and long vowels, word building, vowel pairs and pirate facts.</subfield>
  </datafield>
  <datafield tag="521" ind1=" " ind2=" ">
    <subfield code="a">510 
</subfield>
    <subfield code="b">Lexile estimate 
</subfield>
  </datafield>
  <datafield tag="521" ind1=" " ind2=" ">
    <subfield code="a">K 
</subfield>
    <subfield code="b">Raz-Plus 
</subfield>
  </datafield>
  <datafield tag="650" ind1=" " ind2="0">
    <subfield code="a">Reading (Primary)</subfield>
  </datafield>
  <datafield tag="650" ind1=" " ind2="0">
    <subfield code="a">Reading comprehension</subfield>
    <subfield code="v">Juvenile literature.</subfield>
  </datafield>
  <datafield tag="650" ind1=" " ind2="0">
    <subfield code="a">Vocabulary</subfield>
    <subfield code="v">Juvenile literature.</subfield>
  </datafield>
  <datafield tag="650" ind1=" " ind2="0">
    <subfield code="a">Reading</subfield>
    <subfield code="x">Phonetic method</subfield>
    <subfield code="v">Activitiy programs.</subfield>
  </datafield>
  <datafield tag="650" ind1=" " ind2="0">
    <subfield code="a">Pirates</subfield>
    <subfield code="v">Juvenile literature.</subfield>
  </datafield>
  <datafield tag="650" ind1=" " ind2="0">
    <subfield code="a">Treasure-troves</subfield>
    <subfield code="v">Juvenile literature.</subfield>
  </datafield>
  <datafield tag="655" ind1=" " ind2="0">
    <subfield code="a">Children's electronic books.</subfield>
  </datafield>
  <datafield tag="700" ind1="1" ind2=" ">
    <subfield code="a">Mudron, Bill</subfield>
    <subfield code="e">illustrator </subfield>
  </datafield>
  <datafield tag="906" ind1=" " ind2=" ">
    <subfield code="a">7</subfield>
    <subfield code="b">cbc</subfield>
    <subfield code="c">origres</subfield>
    <subfield code="d">2</subfield>
    <subfield code="e">ncip</subfield>
    <subfield code="f">20</subfield>
    <subfield code="g">y-gencatlg</subfield>
  </datafield>
  <datafield tag="942" ind1=" " ind2=" ">
    <subfield code="2">ddc</subfield>
    <subfield code="c">BK</subfield>
    <subfield code="n">0</subfield>
  </datafield>
  <datafield tag="999" ind1=" " ind2=" ">
    <subfield code="c">3818</subfield>
    <subfield code="d">3818</subfield>
  </datafield>
  <datafield tag="952" ind1=" " ind2=" ">
    <subfield code="0">0</subfield>
    <subfield code="1">0</subfield>
    <subfield code="2">ddc</subfield>
    <subfield code="4">0</subfield>
    <subfield code="7">0</subfield>
    <subfield code="8">JUVF</subfield>
    <subfield code="a">001</subfield>
    <subfield code="b">001</subfield>
    <subfield code="c">TTP</subfield>
    <subfield code="d">2024-05-15</subfield>
    <subfield code="l">0</subfield>
    <subfield code="o">SON 531 </subfield>
    <subfield code="p">2024-0608</subfield>
    <subfield code="r">2024-05-15 09:25:37</subfield>
    <subfield code="t">1</subfield>
    <subfield code="w">2024-05-15</subfield>
    <subfield code="y">BK</subfield>
  </datafield>
  <datafield tag="952" ind1=" " ind2=" ">
    <subfield code="0">0</subfield>
    <subfield code="1">0</subfield>
    <subfield code="2">ddc</subfield>
    <subfield code="4">0</subfield>
    <subfield code="7">0</subfield>
    <subfield code="8">JUVF</subfield>
    <subfield code="a">001</subfield>
    <subfield code="b">001</subfield>
    <subfield code="c">TTP</subfield>
    <subfield code="d">2024-05-15</subfield>
    <subfield code="l">0</subfield>
    <subfield code="o">SON 531 </subfield>
    <subfield code="p">2024-0708</subfield>
    <subfield code="r">2024-05-27 09:37:28</subfield>
    <subfield code="t">2</subfield>
    <subfield code="w">2024-05-15</subfield>
    <subfield code="y">BK</subfield>
  </datafield>
  <datafield tag="952" ind1=" " ind2=" ">
    <subfield code="0">0</subfield>
    <subfield code="1">0</subfield>
    <subfield code="2">ddc</subfield>
    <subfield code="4">0</subfield>
    <subfield code="7">0</subfield>
    <subfield code="8">JUVF</subfield>
    <subfield code="a">001</subfield>
    <subfield code="b">002</subfield>
    <subfield code="c">TTP</subfield>
    <subfield code="d">2024-05-15</subfield>
    <subfield code="l">1</subfield>
    <subfield code="o">SON 531 </subfield>
    <subfield code="p">2024-0709</subfield>
    <subfield code="r">2025-10-03 10:03:29</subfield>
    <subfield code="s">2025-09-19</subfield>
    <subfield code="t">3</subfield>
    <subfield code="w">2024-05-15</subfield>
    <subfield code="y">BK</subfield>
  </datafield>
  <datafield tag="952" ind1=" " ind2=" ">
    <subfield code="0">0</subfield>
    <subfield code="1">0</subfield>
    <subfield code="2">ddc</subfield>
    <subfield code="4">0</subfield>
    <subfield code="7">0</subfield>
    <subfield code="8">JUVF</subfield>
    <subfield code="a">001</subfield>
    <subfield code="b">001</subfield>
    <subfield code="c">TTP</subfield>
    <subfield code="d">2024-05-15</subfield>
    <subfield code="l">0</subfield>
    <subfield code="o">SON 531 </subfield>
    <subfield code="p">2024-0721</subfield>
    <subfield code="r">2024-05-27 14:38:36</subfield>
    <subfield code="t">4</subfield>
    <subfield code="w">2024-05-15</subfield>
    <subfield code="y">BK</subfield>
  </datafield>
  <datafield tag="952" ind1=" " ind2=" ">
    <subfield code="0">0</subfield>
    <subfield code="1">0</subfield>
    <subfield code="2">ddc</subfield>
    <subfield code="4">0</subfield>
    <subfield code="7">0</subfield>
    <subfield code="8">JUVF</subfield>
    <subfield code="a">001</subfield>
    <subfield code="b">001</subfield>
    <subfield code="c">TTP</subfield>
    <subfield code="d">2024-05-15</subfield>
    <subfield code="l">0</subfield>
    <subfield code="o">SON 531 </subfield>
    <subfield code="p">2024-1924</subfield>
    <subfield code="r">2024-09-12 14:35:12</subfield>
    <subfield code="t">5</subfield>
    <subfield code="w">2024-05-15</subfield>
    <subfield code="y">BK</subfield>
  </datafield>
  <datafield tag="952" ind1=" " ind2=" ">
    <subfield code="0">0</subfield>
    <subfield code="1">0</subfield>
    <subfield code="2">ddc</subfield>
    <subfield code="4">0</subfield>
    <subfield code="7">0</subfield>
    <subfield code="8">JUVF</subfield>
    <subfield code="a">001</subfield>
    <subfield code="b">001</subfield>
    <subfield code="c">TTP</subfield>
    <subfield code="d">2024-05-15</subfield>
    <subfield code="l">0</subfield>
    <subfield code="o">SON 531 </subfield>
    <subfield code="p">2024-1925</subfield>
    <subfield code="r">2024-09-12 14:35:32</subfield>
    <subfield code="t">6</subfield>
    <subfield code="w">2024-05-15</subfield>
    <subfield code="y">BK</subfield>
  </datafield>
  <datafield tag="952" ind1=" " ind2=" ">
    <subfield code="0">0</subfield>
    <subfield code="1">0</subfield>
    <subfield code="2">ddc</subfield>
    <subfield code="4">0</subfield>
    <subfield code="7">0</subfield>
    <subfield code="8">JUVF</subfield>
    <subfield code="a">001</subfield>
    <subfield code="b">001</subfield>
    <subfield code="c">TTP</subfield>
    <subfield code="d">2024-05-15</subfield>
    <subfield code="l">0</subfield>
    <subfield code="o">SON 531 </subfield>
    <subfield code="p">2024-1926</subfield>
    <subfield code="r">2024-09-12 14:36:17</subfield>
    <subfield code="t">7</subfield>
    <subfield code="w">2024-05-15</subfield>
    <subfield code="y">BK</subfield>
  </datafield>
  <datafield tag="952" ind1=" " ind2=" ">
    <subfield code="0">0</subfield>
    <subfield code="1">0</subfield>
    <subfield code="2">ddc</subfield>
    <subfield code="4">0</subfield>
    <subfield code="7">0</subfield>
    <subfield code="8">JUVF</subfield>
    <subfield code="a">001</subfield>
    <subfield code="b">002</subfield>
    <subfield code="c">TTP</subfield>
    <subfield code="d">2024-05-15</subfield>
    <subfield code="l">1</subfield>
    <subfield code="o">SON 531 </subfield>
    <subfield code="p">2024-1927</subfield>
    <subfield code="r">2025-10-03 10:04:45</subfield>
    <subfield code="s">2025-09-12</subfield>
    <subfield code="t">8</subfield>
    <subfield code="w">2024-05-15</subfield>
    <subfield code="y">BK</subfield>
  </datafield>
  <datafield tag="952" ind1=" " ind2=" ">
    <subfield code="0">0</subfield>
    <subfield code="1">0</subfield>
    <subfield code="2">ddc</subfield>
    <subfield code="4">0</subfield>
    <subfield code="7">0</subfield>
    <subfield code="8">JUVF</subfield>
    <subfield code="a">001</subfield>
    <subfield code="b">001</subfield>
    <subfield code="c">TTP</subfield>
    <subfield code="d">2024-05-15</subfield>
    <subfield code="l">0</subfield>
    <subfield code="o">SON 531 </subfield>
    <subfield code="p">2024-1928</subfield>
    <subfield code="r">2024-09-12 14:37:02</subfield>
    <subfield code="t">9</subfield>
    <subfield code="w">2024-05-15</subfield>
    <subfield code="y">BK</subfield>
  </datafield>
  <datafield tag="952" ind1=" " ind2=" ">
    <subfield code="0">0</subfield>
    <subfield code="1">0</subfield>
    <subfield code="2">ddc</subfield>
    <subfield code="4">0</subfield>
    <subfield code="7">0</subfield>
    <subfield code="8">JUVF</subfield>
    <subfield code="a">001</subfield>
    <subfield code="b">001</subfield>
    <subfield code="c">TTP</subfield>
    <subfield code="d">2024-05-15</subfield>
    <subfield code="l">0</subfield>
    <subfield code="o">SON 531 </subfield>
    <subfield code="p">2024-1929</subfield>
    <subfield code="r">2024-09-12 14:37:26</subfield>
    <subfield code="t">10</subfield>
    <subfield code="w">2024-05-15</subfield>
    <subfield code="y">BK</subfield>
  </datafield>
  <datafield tag="952" ind1=" " ind2=" ">
    <subfield code="0">0</subfield>
    <subfield code="1">0</subfield>
    <subfield code="2">ddc</subfield>
    <subfield code="4">0</subfield>
    <subfield code="7">0</subfield>
    <subfield code="8">JUVF</subfield>
    <subfield code="a">001</subfield>
    <subfield code="b">001</subfield>
    <subfield code="c">TK Blue</subfield>
    <subfield code="d">2024-10-21</subfield>
    <subfield code="l">0</subfield>
    <subfield code="o">SON 531 </subfield>
    <subfield code="p">2024-2176</subfield>
    <subfield code="r">2024-10-21 09:53:39</subfield>
    <subfield code="t">11</subfield>
    <subfield code="w">2024-10-21</subfield>
    <subfield code="y">BK</subfield>
  </datafield>
  <datafield tag="952" ind1=" " ind2=" ">
    <subfield code="0">0</subfield>
    <subfield code="1">0</subfield>
    <subfield code="2">ddc</subfield>
    <subfield code="4">0</subfield>
    <subfield code="7">0</subfield>
    <subfield code="8">JUVF</subfield>
    <subfield code="a">001</subfield>
    <subfield code="b">001</subfield>
    <subfield code="c">TK Blue</subfield>
    <subfield code="d">2024-10-31</subfield>
    <subfield code="l">0</subfield>
    <subfield code="o">SON 531 </subfield>
    <subfield code="p">2024-2268</subfield>
    <subfield code="r">2024-10-31 15:58:13</subfield>
    <subfield code="t">12</subfield>
    <subfield code="w">2024-10-31</subfield>
    <subfield code="y">BK</subfield>
  </datafield>
  <datafield tag="952" ind1=" " ind2=" ">
    <subfield code="0">0</subfield>
    <subfield code="1">0</subfield>
    <subfield code="2">ddc</subfield>
    <subfield code="4">0</subfield>
    <subfield code="7">0</subfield>
    <subfield code="8">JUVF</subfield>
    <subfield code="a">001</subfield>
    <subfield code="b">001</subfield>
    <subfield code="c">TK Blue</subfield>
    <subfield code="d">2025-06-05</subfield>
    <subfield code="l">0</subfield>
    <subfield code="o">SON 531 PZ7</subfield>
    <subfield code="p">2025-1501</subfield>
    <subfield code="r">2025-06-05 08:32:11</subfield>
    <subfield code="t">13</subfield>
    <subfield code="w">2025-06-05</subfield>
    <subfield code="y">BK</subfield>
  </datafield>
  <datafield tag="952" ind1=" " ind2=" ">
    <subfield code="0">0</subfield>
    <subfield code="1">0</subfield>
    <subfield code="2">ddc</subfield>
    <subfield code="4">0</subfield>
    <subfield code="7">0</subfield>
    <subfield code="8">JUVF</subfield>
    <subfield code="a">001</subfield>
    <subfield code="b">001</subfield>
    <subfield code="c">TK Blue</subfield>
    <subfield code="d">2025-06-05</subfield>
    <subfield code="l">0</subfield>
    <subfield code="o">SON 531 PZ7</subfield>
    <subfield code="p">2025-1502</subfield>
    <subfield code="r">2025-06-05 08:32:51</subfield>
    <subfield code="t">14</subfield>
    <subfield code="w">2025-06-05</subfield>
    <subfield code="y">BK</subfield>
  </datafield>
  <datafield tag="952" ind1=" " ind2=" ">
    <subfield code="0">0</subfield>
    <subfield code="1">0</subfield>
    <subfield code="2">ddc</subfield>
    <subfield code="4">0</subfield>
    <subfield code="7">0</subfield>
    <subfield code="8">JUVF</subfield>
    <subfield code="a">001</subfield>
    <subfield code="b">001</subfield>
    <subfield code="c">TK Blue</subfield>
    <subfield code="d">2025-06-05</subfield>
    <subfield code="l">0</subfield>
    <subfield code="o">SON 531 PZ7</subfield>
    <subfield code="p">2025-1503</subfield>
    <subfield code="r">2025-06-05 08:33:24</subfield>
    <subfield code="t">15</subfield>
    <subfield code="w">2025-06-05</subfield>
    <subfield code="y">BK</subfield>
  </datafield>
  <datafield tag="952" ind1=" " ind2=" ">
    <subfield code="0">0</subfield>
    <subfield code="1">0</subfield>
    <subfield code="2">ddc</subfield>
    <subfield code="4">0</subfield>
    <subfield code="7">0</subfield>
    <subfield code="8">JUVF</subfield>
    <subfield code="a">001</subfield>
    <subfield code="b">001</subfield>
    <subfield code="c">TK Blue</subfield>
    <subfield code="d">2025-06-05</subfield>
    <subfield code="l">0</subfield>
    <subfield code="o">SON 531 PZ7</subfield>
    <subfield code="p">2025-1504</subfield>
    <subfield code="r">2025-06-05 08:33:57</subfield>
    <subfield code="t">16</subfield>
    <subfield code="w">2025-06-05</subfield>
    <subfield code="y">BK</subfield>
  </datafield>
  <datafield tag="952" ind1=" " ind2=" ">
    <subfield code="0">0</subfield>
    <subfield code="1">0</subfield>
    <subfield code="2">ddc</subfield>
    <subfield code="4">0</subfield>
    <subfield code="7">0</subfield>
    <subfield code="8">JUVF</subfield>
    <subfield code="a">001</subfield>
    <subfield code="b">001</subfield>
    <subfield code="c">TK Blue</subfield>
    <subfield code="d">2025-06-05</subfield>
    <subfield code="l">1</subfield>
    <subfield code="o">SON 531 PZ7</subfield>
    <subfield code="p">2025-1505</subfield>
    <subfield code="r">2025-10-17 08:08:17</subfield>
    <subfield code="s">2025-10-03</subfield>
    <subfield code="t">17</subfield>
    <subfield code="w">2025-06-05</subfield>
    <subfield code="y">BK</subfield>
  </datafield>
  <datafield tag="952" ind1=" " ind2=" ">
    <subfield code="0">0</subfield>
    <subfield code="1">0</subfield>
    <subfield code="2">ddc</subfield>
    <subfield code="4">0</subfield>
    <subfield code="7">0</subfield>
    <subfield code="8">JUVF</subfield>
    <subfield code="a">002</subfield>
    <subfield code="b">001</subfield>
    <subfield code="c">TTP Dark Blue</subfield>
    <subfield code="d">2025-06-13</subfield>
    <subfield code="l">1</subfield>
    <subfield code="o">SON 531 PZ7</subfield>
    <subfield code="p">2025-1631</subfield>
    <subfield code="r">2025-09-19 08:09:27</subfield>
    <subfield code="s">2025-09-12</subfield>
    <subfield code="t">18</subfield>
    <subfield code="w">2025-06-13</subfield>
    <subfield code="y">BK</subfield>
  </datafield>
</record>
